Los movimientos populares suecos y su rol en el desarrollo de la sociedad : Suecia: de la pobreza y el subdesarrollo al estado del bienestar social /

Guardat en:
Dades bibliogràfiques
Autor principal: Alberro, Manuel (autor)
Altres autors: Byström, J. (colaboración) (colaboración)
Format: Llibre
Idioma:espanyol
Publicat: Uppsala, Suecia : Gimo, Suecia : Centro de Estudios y Trabajo para América Latina ; Arbetarnas Bildningsförbund, 1993, c1993
Matèries:
Etiquetes: Afegir etiqueta
Sense etiquetes, Sigues el primer a etiquetar aquest registre!

MARC

LEADER 00000nam^a2200000^a^4500
001 000394407
005 20250521000000.0
009 20260310121334.418
037 |a Acervo ITESO - Biblioteca 
041 |a ESP 
082 |a 322.  |b ALB 
100 |a Alberro, Manuel  |e (autor) 
245 1 4 |a Los movimientos populares suecos y su rol en el desarrollo de la sociedad :  |b Suecia: de la pobreza y el subdesarrollo al estado del bienestar social /  |c M. Alberro ; colaboración de J. Byström... [et al.]. 
264 4 |a Uppsala, Suecia :  |b Centro de Estudios y Trabajo para América Latina ;  |a Gimo, Suecia :  |b Arbetarnas Bildningsförbund,  |c 1993, c1993 
300 |a 413 p. 
336 |a texto  |b txt  |2 rdacontenido 
337 |a sin mediación  |b n  |2 rdamedio 
338 |a volumen  |b nc  |2 rdasoporte 
561 |a Obra autografiada por el autor para Carlos Núñez Hurtado 
649 |a XX 
650 |a Mujeres -  |z Suecia -  |x Condiciones Políticas 
650 |a Obreros -  |z Suecia -  |x Condiciones Políticas 
650 |a Campesinos -  |z Suecia -  |x Condiciones Políticas 
650 |a Democracia -  |z Suecia 
650 |a Movimientos Obreros -  |z Suecia 
650 |a Movimientos Sociales -  |z Suecia -  |x Tema Principal 
650 |a Sindicalismo -  |z Suecia 
650 |a Desarrollo Económico-Social -  |z Suecia -  |x Tema Principal 
650 |a Política Industrial -  |z Suecia 
650 |a Política Económica -  |z Suecia 
650 |a Educación y Promoción Popular -  |z Suecia 
650 |a Educación y Desarrollo -  |z Suecia -  |x Tema Principal 
650 |a Suecia -  |x Condiciones Económicas 
650 |a Suecia -  |x Condiciones Políticas 
650 |a Suecia -  |x Condiciones Sociales y Culturales -  |x Tema Principal 
700 |a Byström, J.  |e (colaboración) 
910 |a Fondo Carlos Núñez Hurtado 
920 |a Impresos - Libros 
930 |a Fondos Especiales 
905 |a 117 
901 |a 0500289611  |b IT2  |c ESP  |i D79721  |u 20250521 
902 |a https://opac.biblio.iteso.mx/vufind/Record/000394407